000 00232nam a2200109Ia 4500
999 _c7659
_d7659
020 _a978-0133406788
100 _aMichael P. Todaro
245 0 _aEconomic Development
260 _aUSA
_bEducation
_c2000
300 _a782
942 _cBK